本性· 風格 (Record no. 27598)
[ view plain ]
| 000 -LEADER | |
|---|---|
| fixed length control field | 00847nam a2200289Ia 4500 |
| 003 - CONTROL NUMBER IDENTIFIER | |
| control field | OSt |
| 005 - DATE AND TIME OF LATEST TRANSACTION | |
| control field | 20210120122339.0 |
| 008 - FIXED-LENGTH DATA ELEMENTS--GENERAL INFORMATION | |
| fixed length control field | 200917s9999||||xx |||||||||||||| ||und|| |
| 020 ## - INTERNATIONAL STANDARD BOOK NUMBER | |
| International Standard Book Number | 9579483566 |
| 020 ## - INTERNATIONAL STANDARD BOOK NUMBER | |
| International Standard Book Number | 9789579483568 |
| 040 ## - CATALOGING SOURCE | |
| Transcribing agency | GETS |
| 041 ## - LANGUAGE CODE | |
| Language code of text/sound track or separate title | chi |
| Language code of original | eng |
| 050 ## - LIBRARY OF CONGRESS CALL NUMBER | |
| Classification number | BV4501 |
| Item number | .M4614 1997 |
| 100 ## - MAIN ENTRY--PERSONAL NAME | |
| Personal name | McDowell, Josh |
| 245 #0 - TITLE STATEMENT | |
| Title | 本性· 風格 |
| Remainder of title | = His image, my image / |
| Statement of responsibility, etc. | 麥道衛 (Josh McDowell) 著; 廖愛華, 吳梅蘭譯 |
| 246 ## - VARYING FORM OF TITLE | |
| Title proper/short title | 本性· 风格 |
| Remainder of title | / |
| 250 ## - EDITION STATEMENT | |
| Edition statement | 3rd ed. |
| 260 ## - PUBLICATION, DISTRIBUTION, ETC. | |
| Place of publication, distribution, etc. | 台北 : |
| Name of publisher, distributor, etc. | 中國學園傳道會出版部, |
| Date of publication, distribution, etc. | 1997 |
| 300 ## - PHYSICAL DESCRIPTION | |
| Extent | 140 p. |
| Other physical details | ; |
| Dimensions | 21 cm. |
| 500 ## - GENERAL NOTE | |
| General note | Translation of: His image, my image. |
| 650 ## - SUBJECT ADDED ENTRY--TOPICAL TERM | |
| Topical term or geographic name entry element | Christian life. |
| 650 ## - SUBJECT ADDED ENTRY--TOPICAL TERM | |
| Topical term or geographic name entry element | Self-esteem -- Religious aspects -- Christianity. |
| 700 ## - ADDED ENTRY--PERSONAL NAME | |
| Personal name | 吳梅蘭 |
| 700 ## - ADDED ENTRY--PERSONAL NAME | |
| Personal name | 廖愛華 |
| 700 ## - ADDED ENTRY--PERSONAL NAME | |
| Personal name | 麥道衛 |
| 942 ## - ADDED ENTRY ELEMENTS (KOHA) | |
| Koha item type | Chinese Book |
| Withdrawn status | Lost status | Source of classification or shelving scheme | Damaged status | Not for loan | Home library | Current library | Shelving location | Date acquired | Total Checkouts | Full call number | Barcode | Date last seen | Price effective from | Koha item type | Copy number |
|---|---|---|---|---|---|---|---|---|---|---|---|---|---|---|---|
| Library of Congress Classification | GETS Theological Seminary Library | GETS Theological Seminary Library | General Stacks | 09/01/2020 | BV4501 .M4614 1997 | 00014899 | 09/01/2020 | 09/01/2020 | Chinese Book | ||||||
| Library of Congress Classification | GETS Theological Seminary Library | GETS Theological Seminary Library | General Stacks | 09/17/2020 | BV4501 .M4614 1997 | 00015923 | 09/17/2020 | 09/17/2020 | Chinese Book | c. 2 |